书目信息 |
| 题名: |
逻辑与口才
|
|
| 作者: | 任清良 主编 | |
| 分册: | ||
| 出版信息: | 成都 电子科技大学出版社 1995 |
|
| 页数: | 282页 | |
| 开本: | 21cm | |
| 丛书名: | ||
| 单 册: | ||
| 中图分类: | B812 , H019-49 | |
| 科图分类: | ||
| 主题词: | 形式逻辑--通俗读物 , 形式逻辑 , 口才学--通俗读物 , 口才学 | |
| 电子资源: | ||
| ISBN: | 7-81043-126-9 | |
| 000 | 00815nam0 2200277 45 | |
| 001 | 012006041104 | |
| 005 | 20070705145344.43 | |
| 010 | @a7-81043-126-9@dCNY18.50 | |
| 092 | @aCN@b490857 | |
| 100 | @a20060411e20051995em y0chiy0120 ea | |
| 101 | 0 | @achi |
| 102 | @aCN@b510000 | |
| 105 | @ay z 000yy | |
| 200 | 1 | @a逻辑与口才@9luo ji yu kou cai@f任清良主编 |
| 210 | @a成都@c电子科技大学出版社@d1995@h2005重印 | |
| 215 | @a282页@d21cm | |
| 330 | @a本书主要内容:概念、判断、演绎推理、归纳推理和类比推理、形式逻辑的基本规律、口才的心理素质等。 | |
| 606 | 0 | @a形式逻辑@j通俗读物 |
| 606 | 0 | @a形式逻辑 |
| 606 | 0 | @a口才学@j通俗读物 |
| 606 | 0 | @a口才学 |
| 690 | @aB812@v4 | |
| 690 | @aH019-49@v4 | |
| 701 | 0 | @a任清良@9ren qing liang@4主编 |
| 801 | 0 | @aCN@bLZJBOOK@c20070705 |
| 905 | @a10447@dB812@e194 | |
| 逻辑与口才/任清良主编.-成都:电子科技大学出版社,1995(2005重印) |
| 282页;21cm |
| ISBN 7-81043-126-9:CNY18.50 |
| 本书主要内容:概念、判断、演绎推理、归纳推理和类比推理、形式逻辑的基本规律、口才的心理素质等。 |
| ● |
| 相关链接 |
|
|
|
|
正题名:逻辑与口才
索取号:B812/194
 
预约/预借
| 序号 | 登录号 | 条形码 | 馆藏地/架位号 | 状态 | 备注 |
| 1 | 0562517 | 205625171 | 第一样本阅览室/ [索取号:B812/194] | 在馆 | |
| 2 | 0562518 | 205625180 | 第一借阅区/ [索取号:B812/194] | 在馆 | |
| 3 | 0562519 | 205625199 | 教育系资料室/ [索取号:B812/194] | 在馆 | |
| 4 | 0562520 | 205625206 | 第一借阅区/ [索取号:B812/194] | 在馆 | |
| 5 | 0562521 | 205625215 | 教育系资料室/ [索取号:B812/194] | 在馆 | |
| 6 | 0562522 | 205625224 | 教育系资料室/ [索取号:B812/194] | 在馆 | |
| 7 | 0562523 | 205625233 | 第一借阅区/ [索取号:B812/194] | 在馆 | |
| 8 | 0562524 | 205625242 | 第一借阅区/ [索取号:B812/194] | 在馆 |